000 00652nam a2200205Ia 4500
003 IN-BaIIA
008 211028s9999 xx 000 0 eng d
020 _a3-527-40637-9
040 _cIIA Library
080 _a530.1
_bKEL
100 _aKelly, James J.
_930535
245 0 _aGraduate mathematical physics
_bwith MATHEMATICA supplements
_cJames J. Kelly
260 _aWeinheim
_bWiley-VCH Verlag Gmbh
_c2006
300 _axvi, 466p.
490 _aPhysics textbook
650 _aAnalytical functions
_927131
650 _aIntegral transforms
_93625
650 _aMathematical physics
_91525
942 _cBK
999 _c16456
_d16456